The McGraw-Hill construction management form book / (Record no. 6492)

MARC details
000 -LEADER
fixed length control field 00894nac a22002531u 4500
010 ## - LIBRARY OF CONGRESS CONTROL NUMBER
LC control number 82022882
020 ## - INTERNATIONAL STANDARD BOOK NUMBER
International Standard Book Number 007014995X :
082 00 - DEWEY DECIMAL CLASSIFICATION NUMBER
Classification number 624.0685
Item number CUS
090 ## - LOCALLY ASSIGNED LC-TYPE CALL NUMBER (OCLC); LOCAL CALL NUMBER (OCLC)
-- 6492
-- 6492
100 ## - MAIN ENTRY--PERSONAL NAME
Personal name Cushman, Robert F.
245 04 - TITLE STATEMENT
Title The McGraw-Hill construction management form book /
Statement of responsibility, etc Robert F. Cushman ... [et al.].
260 ## - PUBLICATION, DISTRIBUTION, ETC. (IMPRINT)
Place of publication, distribution, etc New York :
Name of publisher, distributor, etc McGraw-Hill,c1983.
Date of publication, distribution, etc c1983.
300 ## - PHYSICAL DESCRIPTION
Extent xiv, 407 p. ;
Dimensions 24 cm.
500 ## - GENERAL NOTE
General note Includes index.
500 ## - GENERAL NOTE
General note Distributer: Al-Ahram.
504 ## - BIBLIOGRAPHY, ETC. NOTE
Bibliography, etc Bibliography: p. [393]-396.
511 ## - PARTICIPANT OR PERFORMER NOTE
Participant or performer note Catalogued By:Mahitab.
650 #0 - SUBJECT ADDED ENTRY--TOPICAL TERM
Topical term or geographic name as entry element Construction contracts.
650 #0 - SUBJECT ADDED ENTRY--TOPICAL TERM
Topical term or geographic name as entry element Construction industry
General subdivision Management
-- Forms.
700 1# - ADDED ENTRY--PERSONAL NAME
Personal name Cushman, Robert Frank,
Dates associated with a name 1931-
710 2# - ADDED ENTRY--CORPORATE NAME
Corporate name or jurisdiction name as entry element McGraw-Hill Book Company.
942 ## - ADDED ENTRY ELEMENTS (KOHA)
Item type Book - Borrowing
Call number prefix 624.0685CUS
Holdings
Withdrawn status Item status Damaged status Not for loan Home library Current library Shelving location Date acquired Source of acquisition Total Checkouts Full call number Barcode Date last seen Koha item type
        Central Library Central Library First floor 25/11/2007 Purchase   624.0685CUS 000007993 15/07/2025 Book - Borrowing